Bijnanor bichitra jagat(2) (Record no. 8487)

MARC details
000 -LEADER
fixed length control field 00556cam a2200217ua 4500
001 - CONTROL NUMBER
control field 9443
005 - DATE AND TIME OF LATEST TRANSACTION
control field 20260515114452.0
008 - FIXED-LENGTH DATA ELEMENTS--GENERAL INFORMATION
fixed length control field 150910n ii |||gr||||Z||||||asm
020 ## - INTERNATIONAL STANDARD BOOK NUMBER
International Standard Book Number 8173311013
040 ## - CATALOGING SOURCE
Transcribing agency MAIN
041 ## - LANGUAGE CODE
Language code of text/sound track or separate title asm
082 ## - DEWEY DECIMAL CLASSIFICATION NUMBER
Classification number 500
100 ## - MAIN ENTRY--PERSONAL NAME
Personal name Goswami, Dinesh Chandra,
Relator term Author.
245 10 - TITLE STATEMENT
Title Bijnanor bichitra jagat(2)
Statement of responsibility, etc. by Dinesh Chandra Goswami
250 ## - EDITION STATEMENT
Edition statement 2nd ed.
260 ## - PUBLICATION, DISTRIBUTION, ETC.
Place of publication, distribution, etc. Guwahati:
Name of publisher, distributor, etc. Lawyers book stall,
Date of publication, distribution, etc. 2011.
300 ## - PHYSICAL DESCRIPTION
Extent 164p.
653 ## - INDEX TERM--UNCONTROLLED
Uncontrolled term Natural sciences & mathematics
653 ## - INDEX TERM--UNCONTROLLED
Uncontrolled term Popular science
942 ## - ADDED ENTRY ELEMENTS (KOHA)
Koha item type Books
Holdings
Withdrawn status Lost status Damaged status Not for loan Home library Current library Shelving location Date acquired Total checkouts Full call number Barcode Date last seen Copy number Price effective from Koha item type
        Naharkatiya College Library Naharkatiya College Library General stacks 09/19/2020   500 | GOS 20895 09/19/2020 1 09/19/2020 Books